Radares marinos

Saved in:
Bibliografiske detaljer
Hovedforfatter: Ubeda Pérez, A (Author)
Format: Bog
Sprog:spansk
Udgivet: Barcelona Marcombo 1978
Fag:
Tags: Tilføj Tag
Ingen Tags, Vær først til at tagge denne postø!

MARC

LEADER 00000nam a2200000 a 4500
001 UCU6533
003 CL-VaPUC
008 960621e19780000SP |||||||||||||||||spa|d
082 0 4 |a 621.384  |b UBE  |2 21 
100 0 |a Ubeda Pérez, A  |e author  |9 364764 
245 1 0 |a Radares marinos 
300 |a 389 p 
942 |c BK 
945 |d 19960621 00:00:00  |a cmena 
260 |a Barcelona  |b Marcombo  |c 1978 
650 7 |a RADAR  |2 CL-VaPUC  |9 356111 
650 0 |a Navegación   |9 255384 
650 0 |a Antenas  |9 263309 
650 7 |a TRANSMISORES  |2 CL-VaPUC  |9 364765 
650 0 |a Electrónica   |9 263192 
650 0 |a Vigilancia  |9 364238 
583 |a last modification  |c 19960621 00:00:00  |k Rodrigo Vera 
999 |c 249411  |d 249409 
952 |0 0  |1 0  |4 0  |6 621_384000000000000_UBE_1978  |7 0  |8 P  |9 266655  |a BIBING  |b BIBING  |d 2019-11-19  |i 1687441  |o 621.384 UBE 1978  |p 1687441  |r 2025-01-20  |w 2019-11-19  |y BK  |k EIE